000 00464nam a2200157Ia 4500
008 191206s9999 xx 000 0 und d
020 _a9.7873E+12
090 _aPN41.A184
245 2 _aA glossary of literary terms
250 _aDi 1 ban.
260 _aBeijing shi fan da xue chu ban she
260 _bShandong Sheng she hui ke xue gui hua yan jiu xiang mu wen cong
260 _cc2011
300 _a"2, 21, 519 p. ; 25 cm."
999 _c15355
_d15355